000 00218nam a2200073Ia 4500
008 170817s9999 xx 000 0 und d
100 _aPandey.Saroj
245 0 _aProfessional Support System And Classroom Performance para Teachers
260 _bN.C.E.R.T
999 _c38175
_d38175